|
|
|
|
| LEADER |
00000nam a2200000 a 4500 |
| 001 |
vtls010278191 |
| 003 |
SK-MaSNL |
| 005 |
20260302011741.0 |
| 008 |
240315s2010 xo g d 000 0 slo |
| 015 |
|
|
|a SNBA2011/12-06060
|
| 020 |
|
|
|a 9788088814665
|q (viaz.)
|
| 035 |
|
|
|a urn:nbn:sk:snk-am00a1k1
|
| 035 |
|
|
|a urn:nbn:sk:snk-am3hd85
|
| 035 |
|
|
|a B2A7D2B3-3C78-4F0A-90FF-05580B30237C
|
| 040 |
|
|
|a SNK
|b slo
|c SNK
|e AACR2
|
| 041 |
0 |
|
|a slo
|
| 044 |
|
|
|a xo
|c SK
|
| 072 |
|
7 |
|a 81
|x Lingvistika. Jazyky
|2 konspekt
|
| 080 |
|
|
|a 811.112.2
|2 2001
|
| 080 |
|
|
|a 811.162.4
|2 2001
|
| 080 |
|
|
|a 81'373.46
|2 2001
|
| 080 |
|
|
|a (038)81
|2 2001
|
| 100 |
1 |
|
|a Balcová, Táňa
|4 aut
|9 310818
|
| 245 |
1 |
0 |
|a Veľký nemecko-slovenský a slovensko-nemecký slovník
|c Táňa Balcová
|
| 246 |
1 |
0 |
|a Veľký slovensko-nemecký a nemecko-slovenský slovník
|
| 250 |
|
|
|a 1. vyd.
|
| 260 |
|
|
|a Bratislava
|b Mikula
|c 2010
|
| 300 |
|
|
|a 919 s.
|c 23 cm
|
| 504 |
|
|
|a Zoz. skrat.
|
| 650 |
0 |
7 |
|a nemčina
|2 SNKPH
|9 1384
|
| 650 |
0 |
7 |
|a slovenčina
|2 SNKPH
|9 1350
|
| 650 |
0 |
7 |
|a odborná terminológia
|2 SNKPH
|9 3616
|
| 650 |
0 |
7 |
|a German language
|2 SNKPHeng
|9 278149
|
| 650 |
0 |
7 |
|a Slovak language
|2 SNKPHeng
|9 266031
|
| 650 |
0 |
7 |
|a Terminology (professional)
|2 SNKPHeng
|9 90966
|
| 655 |
|
7 |
|a dvojjazyčné prekladové slovníky
|2 SNKPH
|9 70744
|
| 655 |
|
7 |
|a Bilingual translation dictionaries
|2 SNKPHeng
|9 287935
|
| 919 |
|
|
|a 978-80-88814-66-5
|
| 968 |
|
|
|d 81
|
| 999 |
|
|
|c 1007284
|d 1009214
|
| 952 |
|
|
|a SNK
|b SNK
|y PREZ
|7 0
|p 17A0702027
|o snkSC 145388
|i snk2011/10977
|8 0
|0 0
|1 0
|4 0
|d 2011-05-12
|f 1
|l 0
|r 2025-07-14 00:00:00
|w 2026-02-24
|
| 952 |
|
|
|a SNK
|b SNK
|y VYP
|7 0
|p 17A0702028
|o snkSC 145388 D1
|i snk2011/10978
|8 0
|0 0
|1 0
|4 0
|d 2011-05-12
|l 0
|r 2026-02-24 12:40:17
|w 2026-02-24
|
| 952 |
|
|
|a SNK
|b SNK
|y VYP
|7 0
|p 17A0644857
|o snkSC 145388 D2
|i snk2011/12478
|8 3
|g 26.91
|3 Vrátené z príručnej knižnice
|0 0
|1 0
|4 0
|d 2011-05-30
|l 0
|r 2026-02-24 12:40:17
|w 2026-02-24
|